| 000 | 00607nam a2200205Ia 4500 | ||
|---|---|---|---|
| 005 | 20230109093929.0 | ||
| 008 | 131103s9999 xx 000 0 und d | ||
| 040 | _aLoreto College | ||
| 041 | _aEnglish | ||
| 082 |
_a821.108 _bKEN |
||
| 245 | 3 |
_aAn anthology of old english poetry _ctranslated into alliterative verse by Charles W.Kennedy |
|
| 260 |
_aNew York _bOxford University Press _c1960 |
||
| 300 | _axvi,174 p. | ||
| 504 | _aIncludes index | ||
| 650 | _aEnglish Literature | ||
| 651 | _aOld English Poetry - Collection | ||
| 700 | _aKennedy,Charles W.,tr. | ||
| 850 | _aLCLIB | ||
| 942 | _cBK | ||
| 999 |
_c13279 _d63758 |
||